|
|
|
|
| LEADER |
00875nab#a2200325#ar4500 |
| 001 |
000033113 |
| 003 |
SVKKK |
| 005 |
00000000000000.0 |
| 008 |
c xo e sloo |
| FMT |
|
|
|
| 038 |
|
|
|a SVKKK
|
| 040 |
|
|
|a SVKKK
|b slo
|e AACR2
|
| 041 |
0 |
|
|a slo
|
| 044 |
|
|
|a xo
|c SK
|
| 080 |
|
|
|a 885.4-
|2 1981
|
| 100 |
1 |
|
|a Fričovský, Ladislav
|4 aut
|
| 245 |
1 |
0 |
|a Jubilejného roku 2000
|c Fričovský Ladislav,
|
| 600 |
1 |
4 |
|a Fričovský, Ladislav,
|d 1930,
|x kňaz evanjelický a. v., básnik náboženský
|x Košice
|x rodák
|x Obišovce
|x pôsobenie
|
| 650 |
0 |
4 |
|a básne
|
| 650 |
0 |
4 |
|a literatúra slovenská
|x texty
|
| 773 |
0 |
|
|t Evanjelický posol spod Tatier
|g Roč. 90, č. 3(2000), s. 14
|
| 957 |
|
|
|a Košice
|
| 957 |
|
|
|a Obišovce
|
| 958 |
|
|
|a KE
|
| 958 |
|
|
|a KS
|
| 974 |
|
|
|d 000222
|a SAB
|
| 992 |
|
|
|a RBX
|
| BAS |
|
|
|
| 852 |
|
|
|a SVKKK
|b BIB
|
| 998 |
|
|
|a REG
|